Subdivision centers closest to Novo Mesto (SI) - Statistics

General Stats
  • This quiz has been taken 7 times
  • The average score is 12 of 21
Answer Stats
Distance (km) Answer % Correct
5 58 Ljubljana
100%
12 92 Maribor
100%
15 110 Trieste
100%
6 63 Zagreb
100%
20 122 Bihać
50%
19 117 Čakovec
50%
4 48 Celje
50%
3 46 Karlovac
50%
16 113 Klagenfurt
50%
18 115 Koper
50%
11 79 Kranj
50%
7 67 Krapina
50%
1 30 Krško
50%
20 122 Murska Sobota
50%
17 115 Pazin
50%
8 74 Postojna
50%
9 78 Rijeka
50%
13 100 Sisak
50%
2 40 Trbovlje
50%
14 106 Varaždin
50%
10 79 Slovenj Gradec
0%
No matching quizzes found
Score Distribution
Percent of People with Each Score
Percentile by Number Answered
Your Score History
You have not taken this quiz